D'un mot a l'autre + Syllabe AS - Statistiques

Statistiques générales
  • Ce quiz a été pris 30 fois
  • Le résultat moyen est 12 sur 21
Statistiques - réponses
Définition Réponse % Correct
Cette marque utilise des fruits dans toutes ses pubs Oasis
88%
Qui concerne l'organe de l'odorat Nasal
85%
Le dîner en d'autres termes Repas
85%
Préfecture du Bas-Rhin, abritant le parlement européen Strasbourg
85%
Le grille-pain à l'anglaise Toaster
81%
Ce joueur français de tennis est connu pour son revers et se prénomme Richard Gasquet
73%
Plat typique italien avec des pâtes spéciales et dans un grand plat Lasagnes
73%
Certains cocktails ont besoin de cette sauce pimentée Tabasco
73%
Céréale, que l'on peut appelée Blé noir Sarrasin
65%
Autre nom d'une attaque notamment dans les sports de raquette Smash
65%
Archipel ayant le plus d'îles des Antilles Bahamas
62%
Il chante "Et si tu n'existais pas" Dassin
62%
France et Chine si on parle de continent Eurasien
54%
Il parait que celui ci fait bien les choses Hasard
54%
Capitale du pays trouvé en premier Nassau
35%
Qui n'est pas bon pour la santé Néfaste
35%
Bisa, Calina, Enlaça Embrassa
31%
Se donne la mort par piqure Euthanasie
23%
Ce ver peut être présent si pourriture du fruit Asticot
19%
Que l'on ne peut pas ranger Inclassable
12%
Grande ville du nord de la Sardaigne Sassari
4%
Aucun quiz correspondant
Distribution des résultats
% des personnes avec chaque résultat
Percentile par nombre de réponses
Votre historique - résultats
Vous n’avez pas pris ce quiz